[Event "EU-ch (Men) 11th"]
[Site "Rijeka"]
[Date "2010.03.09"]
[Round "4.162"]
[White "Slavin, Alexei"]
[Black "Reinwald, Patrick"]
[Result "1-0"]
[WhiteElo "2368"]
[BlackElo "2096"]
[PlyCount "56"]
[EventDate "2010.03.06"]
[EventType "swiss"]
[EventRounds "11"]
[EventCountry "CRO"]
[SourceDate "2010.03.06"]

1. d4 Nf6 2. c4 e6 3. g3 Bb4+ 4. Bd2 Qe7 5. Nf3 Nc6 6. Nc3 O-O 7. Bg2 d6 8. O-O
a5 9. d5 Ne5 10. Nxe5 dxe5 11. a3 Bc5 12. Qc2 Rd8 13. Rac1 Bd4 14. Rfd1 exd5
15. Nxd5 Nxd5 16. cxd5 Bg4 17. Bc3 c5 18. dxc6 bxc6 19. Rd2 Qc5 20. Bxd4 Qxc2
21. Rcxc2 Rxd4 22. Rxd4 exd4 23. Bxc6 Rc8 24. f3 Bf5 25. Rc4 d3 26. exd3 Bxd3
27. Rc3 Ba6 28. Bd5 Rd8 1-0

[Event "EU-ch (Men) 11th"]
[Site "Rijeka"]
[Date "2010.03.09"]
[Round "4.163"]
[White "Burstein, Almog"]
[Black "Wintzer, Joachim"]
[Result "0-1"]
[WhiteElo "2100"]
[BlackElo "2361"]
[PlyCount "54"]
[EventDate "2010.03.06"]
[EventType "swiss"]
[EventRounds "11"]
[EventCountry "CRO"]
[SourceDate "2010.03.06"]

1. e4 e6 2. d4 d5 3. Nc3 Bb4 4. e5 c5 5. a3 Bxc3+ 6. bxc3 Ne7 7. Qg4 O-O 8. Nf3
Nbc6 9. Bd3 f5 10. exf6 Rxf6 11. Bg5 e5 12. Qg3 Rxf3 13. gxf3 c4 14. Bh6 g6 15.
Be2 exd4 16. cxd4 Nf5 17. Qg5 Qa5+ 18. Kd1 Ncxd4 19. Qd2 c3 20. Qf4 Nxe2 21.
Kxe2 Qb5+ 22. Kd1 Nxh6 23. Qxh6 Bf5 24. Qc1 d4 25. Rb1 Qd5 26. Qf4 Rf8 27. Qg3
d3 0-1

[Event "EU-ch (Men) 11th"]
[Site "Rijeka"]
[Date "2010.03.09"]
[Round "4.164"]
[White "Valsecchi, Alessio"]
[Black "Hetzer, Volkhard"]
[Result "1-0"]
[WhiteElo "2360"]
[BlackElo "2091"]
[PlyCount "65"]
[EventDate "2010.03.06"]
[EventType "swiss"]
[EventRounds "11"]
[EventCountry "CRO"]
[SourceDate "2010.03.06"]

1. e4 e5 2. Nf3 Nc6 3. Bb5 d6 4. c3 Bd7 5. O-O a6 6. Ba4 Nge7 7. Bb3 Ng6 8. d4
Be7 9. Na3 Na5 10. Bc2 O-O 11. Qe2 Bf6 12. dxe5 dxe5 13. Rd1 Qe7 14. b4 Nc6 15.
Nc4 Rfd8 16. Ne3 Nf4 17. Qe1 Be6 18. Nd5 Nxd5 19. exd5 Bxd5 20. Rxd5 Rxd5 21.
Qe4 Qd8 22. Qxh7+ Kf8 23. Be3 Ne7 24. c4 Rd6 25. Re1 b6 26. c5 Rd5 27. g4 Ng8
28. g5 Be7 29. Bb3 bxc5 30. g6 fxg6 31. Nxe5 c4 32. Bxc4 Rc8 33. Qxg6 1-0

[Event "EU-ch (Men) 11th"]
[Site "Rijeka"]
[Date "2010.03.09"]
[Round "4.165"]
[White "Bozinovic, Boban"]
[Black "Kozlitin, Roman"]
[Result "0-1"]
[WhiteElo "2086"]
[BlackElo "2344"]
[PlyCount "104"]
[EventDate "2010.03.06"]
[EventType "swiss"]
[EventRounds "11"]
[EventCountry "CRO"]
[SourceDate "2010.03.06"]

1. d4 Nf6 2. Nf3 c5 3. e3 d5 4. c3 Nc6 5. Bd3 Bg4 6. h3 Bh5 7. Nbd2 e6 8. Qa4
Nd7 9. O-O Be7 10. Re1 c4 11. Bf1 f5 12. b4 O-O 13. b5 Ncb8 14. Ba3 Nb6 15. Qa5
N8d7 16. Bxe7 Qxe7 17. Reb1 e5 18. Qb4 Qf6 19. a4 e4 20. a5 Nc8 21. Nh2 f4 22.
Kh1 fxe3 23. fxe3 Qf2 24. Nxc4 dxc4 25. Bxc4+ Bf7 26. Rf1 Qg3 27. Rf4 Nf6 28.
Raf1 h5 29. R1f2 Nd6 30. Bxf7+ Nxf7 31. Nf1 Qg6 32. c4 Rac8 33. Nd2 Ng5 34. Kh2
Ne6 35. Rf5 Nxd4 36. Rxf6 Rxf6 37. Rxf6 Qxf6 38. exd4 Qxd4 39. Qe7 e3 40. Qe6+
Kh7 41. Ne4 Rf8 42. Ng5+ Kh8 43. Nf3 Qf4+ 44. Kg1 Rd8 45. Kf1 Kh7 46. h4 Rd1+
47. Ke2 Rd2+ 48. Nxd2 Qf2+ 49. Kd3 Qxd2+ 50. Ke4 e2 51. Qf5+ Kh6 52. Qe6+ g6
0-1

[Event "EU-ch (Men) 11th"]
[Site "Rijeka"]
[Date "2010.03.09"]
[Round "4.166"]
[White "Spika, Ivica"]
[Black "Ramesa, Davor"]
[Result "1/2-1/2"]
[WhiteElo "2086"]
[BlackElo "2339"]
[PlyCount "145"]
[EventDate "2010.03.06"]
[EventType "swiss"]
[EventRounds "11"]
[EventCountry "CRO"]
[SourceDate "2010.03.06"]

1. c4 c5 2. Nc3 Nc6 3. Nf3 g6 4. g3 Bg7 5. Bg2 Nh6 6. O-O O-O 7. d3 Nf5 8. Bd2
Rb8 9. Qc1 d6 10. Rd1 a6 11. e3 h5 12. Ne2 Bd7 13. Bc3 Bh6 14. d4 cxd4 15.
Nexd4 Ncxd4 16. Nxd4 Qc7 17. b3 Rfc8 18. Qd2 b5 19. Nxf5 Bxf5 20. Ba5 Qa7 21.
Rac1 bxc4 22. bxc4 Bg7 23. Bc3 Rxc4 24. Bxg7 Rxc1 25. Rxc1 Kxg7 26. Qc3+ Kg8
27. Qa5 Qb6 28. Qc3 Qb2 29. Qxb2 Rxb2 30. Ra1 Rb1+ 31. Rxb1 Bxb1 32. Bd5 Bd3
33. f4 e6 34. Bc6 Bb5 35. Bf3 Kf8 36. Kf2 Ke7 37. Ke1 d5 38. Kd2 Kd6 39. Bd1
Kc5 40. Kc3 a5 41. a3 f6 42. Bc2 g5 43. h4 gxf4 44. gxf4 Be2 45. Kd2 Bg4 46.
Bd3 Bf3 47. Ba6 d4 48. Bc8 e5 49. fxe5 fxe5 50. Ba6 e4 51. Bc8 Kd5 52. Ba6 Ke5
53. Bb5 Bg4 54. Bc6 Bf3 55. Be8 Kd5 56. Bf7+ Kc5 57. Bg6 dxe3+ 58. Kxe3 Kc4 59.
Bxe4 Bxe4 60. Kxe4 Kb3 61. Kd4 Kxa3 62. Kc3 a4 63. Kc2 Kb4 64. Kb2 a3+ 65. Ka2
Ka4 66. Ka1 Kb3 67. Kb1 Kc3 68. Ka2 Kd3 69. Kxa3 Ke3 70. Kb3 Kf3 71. Kc3 Kg3
72. Kd2 Kxh4 73. Ke1 1/2-1/2

[Event "EU-ch (Men) 11th"]
[Site "Rijeka"]
[Date "2010.03.09"]
[Round "4.167"]
[White "Gradiser, Dragoljub"]
[Black "Pavlidis, Anastasios"]
[Result "0-1"]
[WhiteElo "1964"]
[BlackElo "2338"]
[PlyCount "79"]
[EventDate "2010.03.06"]
[EventType "swiss"]
[EventRounds "11"]
[EventCountry "CRO"]
[SourceDate "2010.03.06"]

1. e4 e5 2. Nf3 Nc6 3. Bb5 a6 4. Ba4 Nf6 5. O-O Be7 6. Re1 b5 7. Bb3 d6 8. c3
O-O 9. h3 Bb7 10. d4 Re8 11. Ng5 Rf8 12. f4 exf4 13. Bxf4 Na5 14. Bc2 Nd5 15.
Qh5 h6 16. exd5 Bxg5 17. Bg3 Re8 18. Na3 Be3+ 19. Rxe3 Rxe3 20. Bf4 Qe7 21.
Bxe3 Qxe3+ 22. Kh2 Qf4+ 23. Kg1 g6 24. Qe2 Bxd5 25. b3 Qg3 26. c4 bxc4 27. bxc4
Qc3 28. Rd1 Nxc4 29. Nxc4 Bxc4 30. Qf2 Re8 31. Bb3 Re2 32. Qh4 Bxb3 33. axb3
Qc2 34. Kf1 Rxg2 35. Re1 g5 36. Re8+ Kg7 37. Qe1 Rh2 38. Re2 Qd3 39. d5 Qf3+
40. Qf2 0-1

[Event "EU-ch (Men) 11th"]
[Site "Rijeka"]
[Date "2010.03.09"]
[Round "4.168"]
[White "Monjac, Mislav"]
[Black "Plenca, Julian"]
[Result "0-1"]
[WhiteElo "1882"]
[BlackElo "2323"]
[PlyCount "64"]
[EventDate "2010.03.06"]
[EventType "swiss"]
[EventRounds "11"]
[EventCountry "CRO"]
[SourceDate "2010.03.06"]

1. e4 e6 2. d4 d5 3. e5 c5 4. Nf3 cxd4 5. Bd3 Nc6 6. O-O f6 7. Re1 Be7 8. Nh4
fxe5 9. Qh5+ Kd7 10. Ng6 hxg6 11. Qxh8 e4 12. Bb5 Qf8 13. Qh3 Kc7 14. Qg3+ Bd6
15. Qxg6 Nge7 16. Qg5 Bd7 17. a3 Qf7 18. Rf1 Rh8 19. f4 Rh5 20. Qg4 Nf5 21. h3
Rh4 22. Qd1 Qg6 23. Kh2 Qg3+ 24. Kh1 d3 25. b4 Ncd4 26. Bxd3 Nf3 27. Rxf3 exf3
28. Qf1 fxg2+ 29. Qxg2 Rxh3+ 30. Kg1 Qe1+ 31. Qf1 Rh1+ 32. Kxh1 Ng3+ 0-1

[Event "EU-ch (Men) 11th"]
[Site "Rijeka"]
[Date "2010.03.09"]
[Round "4.169"]
[White "Sarbok, Torsten"]
[Black "Schweitzer, Werner"]
[Result "1-0"]
[WhiteElo "2319"]
[BlackElo "2081"]
[PlyCount "107"]
[EventDate "2010.03.06"]
[EventType "swiss"]
[EventRounds "11"]
[EventCountry "CRO"]
[SourceDate "2010.03.06"]

1. e4 c6 2. d4 d5 3. exd5 cxd5 4. Bd3 Nc6 5. c3 Nf6 6. Bf4 g6 7. Qc2 Bg7 8. Nf3
Be6 9. O-O O-O 10. Nbd2 Qc8 11. Nh4 Qd7 12. Nb3 b6 13. Rfe1 a5 14. Qd2 Kh8 15.
f3 Ne8 16. g4 Nd6 17. Qe2 Rae8 18. Rad1 Kg8 19. Bb1 Nd8 20. Nc1 Bf6 21. Bg3 Bg5
22. Nd3 f6 23. Nf4 Bf7 24. Nfxg6 hxg6 25. Nxg6 Bxg6 26. Bxg6 N6f7 27. f4 Bh6
28. h4 e6 29. Kh2 Re7 30. Rg1 Nd6 31. g5 Rg7 32. Bd3 fxg5 33. fxg5 Bxg5 34.
hxg5 Nf5 35. Rg2 Nxg3 36. Rxg3 Qd6 37. Kg2 Rf4 38. g6 Qe7 39. Rh1 Rh4 40. Rf1
Rh6 41. Qf3 b5 42. Qf6 b4 43. Qf4 Rh5 44. Rh1 Rxh1 45. Kxh1 bxc3 46. bxc3 Nc6
47. Rh3 Qd8 48. Qh6 Kf8 49. Qh8+ Rg8 50. Qh7 Qf6 51. Kg2 Ne7 52. Rg3 Rg7 53.
Qh8+ Ng8 54. Rf3 1-0

[Event "EU-ch (Men) 11th"]
[Site "Rijeka"]
[Date "2010.03.09"]
[Round "4.170"]
[White "Boehnisch, Manfred"]
[Black "Guidi, Maurizio"]
[Result "1-0"]
[WhiteElo "2316"]
[BlackElo "2067"]
[PlyCount "53"]
[EventDate "2010.03.06"]
[EventType "swiss"]
[EventRounds "11"]
[EventCountry "CRO"]
[SourceDate "2010.03.06"]

1. d4 g6 2. e4 Bg7 3. Nc3 d6 4. Be3 a6 5. a4 Nd7 6. Bc4 e6 7. Qd2 h6 8. O-O-O
Ne7 9. f3 b5 10. axb5 axb5 11. Bxb5 c6 12. Ba4 Qa5 13. Nge2 Qb4 14. Bb3 d5 15.
Nb1 Qb8 16. Bf4 Qa7 17. Nec3 Ba6 18. Rhe1 Kf8 19. Bd6 Nb6 20. exd5 cxd5 21.
Bxd5 Rd8 22. Bc5 Qc7 23. Bxe6 fxe6 24. Rxe6 Nbc8 25. Rxa6 h5 26. Rxg6 Qxc5 27.
Rxg7 1-0

[Event "EU-ch (Men) 11th"]
[Site "Rijeka"]
[Date "2010.03.09"]
[Round "4.171"]
[White "Zelic, Mladen"]
[Black "Hayes, Peter"]
[Result "1-0"]
[WhiteElo "2306"]
[BlackElo "2046"]
[PlyCount "47"]
[EventDate "2010.03.06"]
[EventType "swiss"]
[EventRounds "11"]
[EventCountry "CRO"]
[SourceDate "2010.03.06"]

1. e4 e6 2. d4 d5 3. Nc3 Nf6 4. e5 Nfd7 5. f4 c5 6. Nf3 Nc6 7. Bd3 cxd4 8. Ne2
Qb6 9. O-O f6 10. Ng3 Be7 11. b3 Nc5 12. Nh5 O-O 13. exf6 gxf6 14. Ne5 Nxe5 15.
fxe5 f5 16. Qf3 Kh8 17. Bh6 Rg8 18. Qh3 Qc7 19. Rae1 Ne4 20. Bxe4 dxe4 21. Rxe4
fxe4 22. Rf7 Qxc2 23. Rxh7+ Kxh7 24. Nf6+ 1-0

[Event "EU-ch (Men) 11th"]
[Site "Rijeka"]
[Date "2010.03.09"]
[Round "4.173"]
[White "Bakalarz, Mieczyslaw"]
[Black "Bar, Aviv"]
[Result "1-0"]
[WhiteElo "2300"]
[BlackElo "2022"]
[PlyCount "77"]
[EventDate "2010.03.06"]
[EventType "swiss"]
[EventRounds "11"]
[EventCountry "CRO"]
[SourceDate "2010.03.06"]

1. d4 Nf6 2. Nf3 e6 3. Bg5 d5 4. e3 c5 5. Nbd2 Nc6 6. c3 h6 7. Bh4 Bd6 8. Bd3
O-O 9. O-O e5 10. dxe5 Nxe5 11. Nxe5 Bxe5 12. e4 Qd6 13. Bxf6 Bxf6 14. exd5
Qxd5 15. Ne4 Qc6 16. Qf3 Be5 17. Qh5 Qc7 18. Rfe1 c4 19. Bxc4 Bxh2+ 20. Qxh2
Qxc4 21. b3 Qa6 22. Qd6 b6 23. a4 Bf5 24. Rad1 Rfe8 25. Qf4 Bg6 26. Re3 Re6 27.
Rd6 Rae8 28. Nc5 Qc8 29. Nxe6 fxe6 30. Rg3 Rf8 31. Qd4 Kh7 32. Re3 Rf6 33. Rd7
Qf8 34. Rxa7 Kh8 35. Rf3 Rxf3 36. gxf3 Bh5 37. f4 Bf3 38. Rd7 e5 39. Rd8 1-0

[Event "EU-ch (Men) 11th"]
[Site "Rijeka"]
[Date "2010.03.09"]
[Round "4.174"]
[White "Katzir, Moshe"]
[Black "Partys, Petr"]
[Result "1-0"]
[WhiteElo "2288"]
[BlackElo "1977"]
[PlyCount "98"]
[EventDate "2010.03.06"]
[EventType "swiss"]
[EventRounds "11"]
[EventCountry "CRO"]
[SourceDate "2010.03.06"]

1. e4 c5 2. Nf3 e6 3. d4 cxd4 4. Nxd4 a6 5. Bd3 Bc5 6. Nb3 Ba7 7. O-O Nc6 8.
Qe2 d6 9. Be3 Nf6 10. Bxa7 Rxa7 11. f4 e5 12. f5 O-O 13. c4 b6 14. Nc3 Rd7 15.
Rad1 Bb7 16. Nd5 Nb8 17. Nxf6+ Qxf6 18. Qe3 Qd8 19. f6 gxf6 20. Qh3 f5 21. Rxf5
f6 22. Rdf1 Rdf7 23. Nd2 Nc6 24. R5f3 Nd4 25. Rg3+ Kh8 26. Nf3 Nxf3+ 27. Rgxf3
Qc7 28. Qh4 b5 29. cxb5 axb5 30. Bxb5 d5 31. Bd3 dxe4 32. Bxe4 Bxe4 33. Qxe4
Qa7+ 34. R3f2 Qxa2 35. b4 Qe6 36. Rf5 Rb8 37. Kh1 Rd8 38. h3 Rb8 39. Qh4 Rb6
40. Qe4 Rb8 41. R1f3 Qd6 42. Qc4 Rc7 43. Qf1 Qd2 44. Qa6 Qc1+ 45. Rf1 Qc6 46.
Qe2 Rf7 47. Rxe5 fxe5 48. Rxf7 Kg8 49. Qxe5 Kxf7 1-0

[Event "EU-ch (Men) 11th"]
[Site "Rijeka"]
[Date "2010.03.09"]
[Round "4.176"]
[White "Kadric, Denis"]
[Black "Ortega, Lexy"]
[Result "1-0"]
[WhiteElo "2171"]
[BlackElo "2479"]
[PlyCount "79"]
[EventDate "2010.03.06"]
[EventType "swiss"]
[EventRounds "11"]
[EventCountry "CRO"]
[SourceDate "2010.03.06"]

1. e4 c5 2. Nf3 e6 3. d4 cxd4 4. Nxd4 a6 5. Be2 Nf6 6. Nc3 Qc7 7. O-O Bc5 8.
Be3 d6 9. Bf3 Nbd7 10. a4 Ne5 11. Be2 Bd7 12. Kh1 O-O 13. Bg5 Qb6 14. Nb3 Bxf2
15. a5 Qa7 16. Qxd6 Ne8 17. Qxe5 f6 18. Qf4 fxg5 19. Qxg5 Rc8 20. Rad1 Rf7 21.
Rd3 Bc6 22. Rf3 Rxf3 23. Bxf3 Nf6 24. e5 Be3 25. Qg3 Nd7 26. Bxc6 bxc6 27. Qg4
Nf8 28. Ne4 Bh6 29. Nbc5 Qe7 30. Nd6 Rb8 31. b4 Ng6 32. Rf7 Nxe5 33. Rxe7 Nxg4
34. Nxa6 Rf8 35. Re8 Rxe8 36. Nxe8 Kf7 37. Nd6+ Ke7 38. Ne4 Be3 39. Nac5 Nf6
40. Nxf6 1-0

[Event "EU-ch (Men) 11th"]
[Site "Rijeka"]
[Date "2010.03.09"]
[Round "4.178"]
[White "Welz, Peter"]
[Black "Schmidt, Raul"]
[Result "1/2-1/2"]
[WhiteElo "2148"]
[BlackElo "2387"]
[PlyCount "74"]
[EventDate "2010.03.06"]
[EventType "swiss"]
[EventRounds "11"]
[EventCountry "CRO"]
[SourceDate "2010.03.06"]

1. e4 e6 2. d4 d5 3. e5 c5 4. Nf3 Nc6 5. Bd3 cxd4 6. O-O Nge7 7. Bf4 Qb6 8.
Nbd2 Ng6 9. Bg3 Qxb2 10. h4 h5 11. Nb3 Be7 12. Nbxd4 Qb6 13. Rb1 Qd8 14. Bxg6
fxg6 15. Qd3 Nxd4 16. Qxg6+ Kf8 17. Nxd4 Rh6 18. Qd3 Bxh4 19. Bf4 Bg5 20. Bxg5
Qxg5 21. f4 Qe7 22. f5 Kg8 23. f6 gxf6 24. Rxf6 Rxf6 25. exf6 Qxf6 26. Rf1 Qg7
27. Rf3 e5 28. Rg3 Bg4 29. Nf5 Qd7 30. Nh6+ Kf8 31. Qf1+ Ke7 32. Qf7+ Kd6 33.
Qf6+ Qe6 34. Nf7+ Kc5 35. Rc3+ Kd4 36. Rd3+ Kc5 37. Rc3+ Kd4 1/2-1/2

[Event "EU-ch (Men) 11th"]
[Site "Rijeka"]
[Date "2010.03.09"]
[Round "4.179"]
[White "Nedochetov, Mikhail"]
[Black "Levine, Yonatan"]
[Result "1/2-1/2"]
[WhiteElo "2299"]
[BlackElo "2100"]
[PlyCount "28"]
[EventDate "2010.03.06"]
[EventType "swiss"]
[EventRounds "11"]
[EventCountry "CRO"]
[SourceDate "2010.03.06"]

1. Nf3 Nf6 2. g3 g6 3. b3 Bg7 4. Bb2 c5 5. c4 d6 6. Bg2 e5 7. O-O Nc6 8. Nc3
O-O 9. Re1 Ne8 10. Nd5 Nc7 11. Qc2 Ne7 12. Nxc7 Qxc7 13. d3 Be6 14. Qc3 Qd7
1/2-1/2

[Event "EU-ch (Men) 11th"]
[Site "Rijeka"]
[Date "2010.03.09"]
[Round "4.180"]
[White "Dinter, Brian"]
[Black "Nakar, Eylon"]
[Result "0-1"]
[WhiteElo "2124"]
[BlackElo "2264"]
[PlyCount "60"]
[EventDate "2010.03.06"]
[EventType "swiss"]
[EventRounds "11"]
[EventCountry "CRO"]
[SourceDate "2010.03.06"]

1. d4 Nf6 2. Bf4 g6 3. e3 Bg7 4. Nf3 O-O 5. h3 d6 6. Be2 Nfd7 7. O-O e5 8. Bh2
Nc6 9. c3 f5 10. a4 Qe7 11. Na3 e4 12. Bc4+ Kh8 13. Nd2 Nf6 14. b4 Be6 15. Bxe6
Qxe6 16. Qb3 Qe7 17. c4 Nd8 18. c5 d5 19. Nb5 Ne6 20. Be5 Qd7 21. Nc3 Rad8 22.
b5 f4 23. Ne2 f3 24. gxf3 Ng5 25. Nf4 Nxf3+ 26. Nxf3 exf3 27. Kh2 g5 28. Nd3
Ng4+ 29. hxg4 Qxg4 30. Bg3 Rf6 0-1

[Event "EU-ch (Men) 11th"]
[Site "Rijeka"]
[Date "2010.03.09"]
[Round "4.181"]
[White "Piro, Valerio"]
[Black "Voiteanu, Gabriel"]
[Result "0-1"]
[WhiteElo "2069"]
[BlackElo "2254"]
[PlyCount "84"]
[EventDate "2010.03.06"]
[EventType "swiss"]
[EventRounds "11"]
[EventCountry "CRO"]
[SourceDate "2010.03.06"]

1. Nf3 Nf6 2. c4 g6 3. Nc3 d5 4. cxd5 Nxd5 5. Qa4+ Bd7 6. Qh4 Bc6 7. Qd4 f6 8.
e3 Qd6 9. Bb5 Nxc3 10. Qxd6 cxd6 11. Bxc6+ Nxc6 12. bxc3 d5 13. Ba3 Rc8 14. d3
f5 15. Kd2 Bg7 16. Rab1 Na5 17. Rhc1 b6 18. Nd4 Kd7 19. Bb4 e5 20. Bxa5 exd4
21. cxd4 Rxc1 22. Rxc1 bxa5 23. Rc5 Bf8 24. Rxd5+ Kc6 25. e4 Bb4+ 26. Ke3 Re8
27. f4 a4 28. h3 h5 29. Kf3 a3 30. g4 hxg4+ 31. hxg4 Rh8 32. gxf5 gxf5 33. Rxf5
Rh3+ 34. Ke2 Rh2+ 35. Ke3 Rxa2 36. d5+ Kc5 37. Rf6 Rh2 38. d6 a2 39. d7 a1=Q
40. d8=Q Qg1+ 41. Kf3 Qg2+ 42. Ke3 Qf2# 0-1

[Event "EU-ch (Men) 11th"]
[Site "Rijeka"]
[Date "2010.03.09"]
[Round "4.182"]
[White "Pfeifer, Antun"]
[Black "Bakin, Alexander"]
[Result "0-1"]
[WhiteElo "1900"]
[BlackElo "2232"]
[PlyCount "80"]
[EventDate "2010.03.06"]
[EventType "swiss"]
[EventRounds "11"]
[EventCountry "CRO"]
[SourceDate "2010.03.06"]

1. e4 c6 2. d4 d5 3. Nc3 b5 4. a3 a6 5. Bd3 dxe4 6. Bxe4 Nf6 7. Bf3 Bf5 8. Nge2
Nd5 9. Nxd5 cxd5 10. Ng3 Bg6 11. O-O e6 12. Bf4 Bd6 13. Bxd6 Qxd6 14. Qd2 Nc6
15. Rfe1 O-O 16. h4 h6 17. c3 Na5 18. h5 Bh7 19. Ne2 Nb3 20. Qe3 Nxa1 21. Rxa1
a5 22. Nf4 Rab8 23. Be2 Rfc8 24. Bd3 Qd8 25. Bxh7+ Kxh7 26. Re1 Qg5 27. g3 b4
28. axb4 axb4 29. Qd3+ Kg8 30. Re5 Qf6 31. Ne2 Qd8 32. f4 Qa5 33. f5 exf5 34.
Rxf5 Qa1+ 35. Kh2 Qxb2 36. Kh3 Rxc3 37. Nxc3 Qxc3 38. Qf1 Qe3 39. Rxd5 Qe6+ 40.
Rf5 g6 0-1

[Event "EU-ch (Men) 11th"]
[Site "Rijeka"]
[Date "2010.03.09"]
[Round "4.183"]
[White "Mihalinec, Damir"]
[Black "Winkler, Stefan"]
[Result "1-0"]
[WhiteElo "2232"]
[BlackElo "1877"]
[PlyCount "59"]
[EventDate "2010.03.06"]
[EventType "swiss"]
[EventRounds "11"]
[EventCountry "CRO"]
[SourceDate "2010.03.06"]

1. e4 e6 2. d4 d5 3. Nc3 Bb4 4. e5 c5 5. a3 Bxc3+ 6. bxc3 Qc7 7. Qg4 f5 8. Qh5+
g6 9. Qd1 Bd7 10. Bb2 Ba4 11. Bd3 c4 12. Be2 Nc6 13. h4 O-O-O 14. Bc1 h6 15.
Be3 Rf8 16. Nh3 Qg7 17. Rb1 Rf7 18. Nf4 Re7 19. h5 gxh5 20. Bxh5 Rh7 21. Rh3
Nxe5 22. dxe5 Qxe5 23. Ng6 Qxc3+ 24. Bd2 Qd4 25. Nxe7+ Rxe7 26. Kf1 Qe4 27. Rc1
d4 28. Bf3 Qe5 29. Qe2 Qf6 30. Qxc4+ 1-0

[Event "EU-ch (Men) 11th"]
[Site "Rijeka"]
[Date "2010.03.09"]
[Round "4.185"]
[White "Dujic, Davor"]
[Black "Malachi, Avraham"]
[Result "0-1"]
[WhiteElo "1606"]
[BlackElo "2188"]
[PlyCount "120"]
[EventDate "2010.03.06"]
[EventType "swiss"]
[EventRounds "11"]
[EventCountry "CRO"]
[SourceDate "2010.03.06"]

1. e4 e5 2. Nf3 Nc6 3. Bb5 a6 4. Ba4 Nf6 5. O-O Be7 6. Re1 b5 7. Bb3 O-O 8. c3
d5 9. exd5 Nxd5 10. Nxe5 Nxe5 11. Rxe5 c6 12. d4 Bd6 13. Re1 Qh4 14. g3 Qh3 15.
Re4 g5 16. Bxg5 Qf5 17. Nd2 Qxg5 18. Nf3 Qg6 19. Qe2 Nf6 20. Rh4 Re8 21. Ne5
Bxe5 22. dxe5 Nd5 23. Bxd5 cxd5 24. Rd1 Be6 25. a3 Rac8 26. Rdd4 Rc4 27. Rxc4
bxc4 28. Rd4 Rb8 29. Rd1 Qe4 30. Qxe4 dxe4 31. Kf1 Rxb2 32. Rd8+ Kg7 33. Ra8
Rb3 34. Rxa6 Rxc3 35. Ke2 Rb3 36. a4 Ra3 37. a5 c3 38. Rc6 Rxa5 39. Rxc3 Rxe5
40. Ke3 Bf5 41. h4 h5 42. Ra3 Rd5 43. Ra2 Kf6 44. Ra6+ Kg7 45. Ra2 Rd3+ 46. Kf4
Rf3+ 47. Ke5 f6+ 48. Kd4 Rd3+ 49. Kc5 e3 50. Re2 exf2 51. Rxf2 Be4 52. Rf4 f5
53. Kc4 Rxg3 54. Kd4 Rg4 55. Ke3 Rxf4 56. Kxf4 Kf6 57. Kg3 Ke5 58. Kf2 Kf4 59.
Kg1 Kg3 60. Kf1 f4 0-1

[Event "EU-ch (Men) 11th"]
[Site "Rijeka"]
[Date "2010.03.09"]
[Round "4.186"]
[White "Lazic, Dusko"]
[Black "Tica, Sven"]
[Result "1-0"]
[WhiteElo "2050"]
[BlackElo "1562"]
[PlyCount "79"]
[EventDate "2010.03.06"]
[EventType "swiss"]
[EventRounds "11"]
[EventCountry "CRO"]
[SourceDate "2010.03.06"]

1. Nf3 Nf6 2. d4 e6 3. Bg5 d5 4. e3 Be7 5. Bd3 Nbd7 6. O-O h6 7. Bh4 O-O 8. h3
c5 9. c4 a6 10. cxd5 Nxd5 11. Bg3 b5 12. Nc3 c4 13. Nxd5 exd5 14. Bc2 Bf6 15.
b3 Re8 16. bxc4 bxc4 17. Ba4 Re6 18. Qd2 Nb6 19. Bc2 g6 20. Ne5 Nd7 21. f4 Bg7
22. f5 Rxe5 23. dxe5 Nxe5 24. fxg6 Nxg6 25. Qf2 Be6 26. Rad1 Qb6 27. Rb1 Qc5
28. Kh1 d4 29. exd4 Bxd4 30. Qf3 Ra7 31. Rb8+ Kg7 32. Rd8 Bb2 33. Bf2 Qg5 34.
Bd4+ Bxd4 35. Rxd4 Nh4 36. Qf2 Ng6 37. Rd6 Re7 38. Rxa6 Nh4 39. Rxe6 Ra7 40.
Rf6 1-0

[Event "EU-ch (Men) 11th"]
[Site "Rijeka"]
[Date "2010.03.09"]
[Round "4.187"]
[White "Durandeau, Jean Marie"]
[Black "Dubrovic, Mihovil"]
[Result "0-1"]
[WhiteElo "2040"]
[BlackElo "1876"]
[PlyCount "100"]
[EventDate "2010.03.06"]
[EventType "swiss"]
[EventRounds "11"]
[EventCountry "CRO"]
[SourceDate "2010.03.06"]

1. e4 e5 2. Nf3 Nc6 3. d4 exd4 4. Nxd4 Bc5 5. Nxc6 Qf6 6. Qf3 dxc6 7. Bc4 Qxf3
8. gxf3 Be6 9. Bb3 O-O-O 10. Be3 Bxb3 11. axb3 Bxe3 12. fxe3 a6 13. Rg1 g6 14.
Nd2 Ne7 15. Ke2 Rhf8 16. f4 f6 17. b4 Kb8 18. Nc4 Nc8 19. e5 Nb6 20. Nxb6 cxb6
21. exf6 Rxf6 22. Rad1 Re8 23. Kf3 Kc7 24. h4 Re7 25. Rge1 a5 26. bxa5 bxa5 27.
e4 Ref7 28. f5 b5 29. Kf4 a4 30. h5 Rf8 31. Rg1 c5 32. Rg5 Kc6 33. hxg6 hxg6
34. Ke5 gxf5 35. Rxf5 Rxf5+ 36. exf5 Re8+ 37. Kf6 Re2 38. Rc1 b4 39. Kf7 Kd6
40. f6 Ke5 41. b3 a3 42. c3 Re3 43. Ke7 Kf5+ 44. Kd6 Kxf6 45. Rf1+ Kg7 46. Kxc5
bxc3 47. Kb4 a2 48. Ka3 Re2 49. Ra1 c2 50. Kb2 Rd2 0-1

[Event "EU-ch (Men) 11th"]
[Site "Rijeka"]
[Date "2010.03.09"]
[Round "4.188"]
[White "Lekic, Lazar"]
[Black "Porfireanu, Serban"]
[Result "0-1"]
[WhiteElo "1849"]
[BlackElo "2034"]
[PlyCount "84"]
[EventDate "2010.03.06"]
[EventType "swiss"]
[EventRounds "11"]
[EventCountry "CRO"]
[SourceDate "2010.03.06"]

1. e4 c6 2. d4 d5 3. Nc3 dxe4 4. Nxe4 Bf5 5. Ng3 Bd7 6. Nf3 Nf6 7. Bd3 e6 8.
O-O Qc7 9. Qe2 Be7 10. Be3 O-O 11. Rae1 c5 12. dxc5 Bxc5 13. Bxc5 Qxc5 14. Ne5
Bc6 15. Nxc6 Nxc6 16. Ne4 Qe7 17. Nxf6+ Qxf6 18. Qe4 g6 19. h4 Rfd8 20. c3 Rd5
21. Re3 Rad8 22. f4 Qxh4 23. Rff3 Qe7 24. g4 Qc5 25. Kh1 Kg7 26. Rh3 Qd6 27.
Qf3 Rh8 28. f5 exf5 29. gxf5 h5 30. f6+ Kf8 31. Qe4 Qd8 32. Rhf3 h4 33. c4 Re5
34. Qf4 Rhh5 35. b4 Reg5 36. Re4 Kg8 37. Rfe3 Kh7 38. b5 Rf5 39. Qh2 Nb4 40.
Re8 Qxf6 41. Bxf5 Rxf5 42. Qd2 Rf2 0-1

[Event "EU-ch (Men) 11th"]
[Site "Rijeka"]
[Date "2010.03.09"]
[Round "4.190"]
[White "Nastic, Milorad"]
[Black "Cabrijan, Ivan"]
[Result "1/2-1/2"]
[WhiteElo "2009"]
[BlackElo "1811"]
[PlyCount "132"]
[EventDate "2010.03.06"]
[EventType "swiss"]
[EventRounds "11"]
[EventCountry "CRO"]
[SourceDate "2010.03.06"]

1. e4 e5 2. Nf3 Nc6 3. Bb5 d6 4. O-O Bg4 5. h3 Bh5 6. Re1 Be7 7. c3 Nf6 8. d4
O-O 9. Bxc6 bxc6 10. dxe5 Bxf3 11. Qxf3 dxe5 12. Rd1 Qc8 13. Bg5 Qe6 14. Nd2 c5
15. b3 Bd6 16. Bxf6 gxf6 17. Nc4 Kh8 18. Rd3 Rg8 19. Rad1 Rad8 20. Ne3 Rg6 21.
Qf5 Rdg8 22. g4 Rg5 23. Qf3 h5 24. Kf1 hxg4 25. hxg4 Kg7 26. Nf5+ Kf8 27. Rxd6
cxd6 28. Rxd6 Rxf5 29. Qd1 Rxf2+ 30. Kxf2 Qe7 31. Kf3 Kg7 32. Rd7 Qe8 33. Qd5
Rh8 34. Kg3 Rh1 35. Rd8 Qe7 36. Qd6 Qxd6 37. Rxd6 Ra1 38. Ra6 Rc1 39. c4 Rc3+
40. Kf2 Kg6 41. Rxa7 Kg5 42. Rxf7 Rc2+ 43. Ke3 Rxa2 44. Rg7+ Kh6 45. Rg8 Rb2
46. Rb8 Kg5 47. Kd3 Kxg4 48. Kc3 Rb1 49. Kc2 Re1 50. Rg8+ Kf4 51. Rf8 Kxe4 52.
Rxf6 Re2+ 53. Kc3 Re3+ 54. Kb2 Re2+ 55. Ka3 Kd4 56. Ka4 e4 57. Rd6+ Kc3 58. Re6
e3 59. Re5 Ra2+ 60. Kb5 e2 61. Re3+ Kd4 62. Re8 Rb2 63. Rd8+ Kc3 64. Re8 Rxb3+
65. Kxc5 Kd2 66. Rxe2+ Kxe2 1/2-1/2